000 01635cam a22004574i 4500
003 PE-LiUPU
005 20250731173313.0
008 150625s2004 flu r 000 0 spa d
020 _a0829736573
035 _a(Sirsi) i9780829736571
040 _aPE-LiUPU
_bspa
_cPE-LiUPU
_erda
049 _aPRUA
082 0 4 _a239
_bB78
_221
100 1 _aBoyd, Gregory A.,
_eautor.
245 1 0 _aCartas de un escéptico :
_bdebate sobre temas del cristianismo entre un creyente y su padre incrédulo /
_cGregory A. Boyd y Edward K. Boyd.
264 1 _aMiami, Florida :
_bEditorial Vida,
_c2004.
300 _a190 páginas ;
_c21 centímetros
336 _atext
_2rdacontent
337 _aunmediated
_2rdamedia
338 _avolume
_2rdacarrier
505 0 _aPreguntas sobre Dios -- Preguntas sobre Jesucristo -- Preguntas sobre la Biblia -- Preguntas sobre vida cristiana y doctrina.
526 _aSEG42
526 _aSEG41
526 _aSEG40
526 _aSEG39
526 _aP94
526 _aP87
526 _aP86
526 _aP85
526 _aP77
526 _aP76
526 _aP35
541 _g001-0000071;
650 0 4 _aApologética
_vCartas.
700 1 _aBoyd, Edward K.
942 _2ddc
_cBOOK
949 _a239 B78
_wDEWEY
_c1
_i54752
_lCCODEBUL1
_mBUL
_p7.00
_r0
_sY
_tBOOK
_u2015-6-25
_xTEOLOGIA
_zUNKNOWN
_0COMPRA
_o.STAFF. Colección Teología
994 _aC0
_bPEPRU
596 _a1
999 _a239 B78
_wDEWEY
_c45310
_i54752
_f2021-11-10
_g5
_lCCODEBUL1
_mBUL
_p7.00
_r0
_sY
_tBOOK
_u2015-6-25
_xTEOLOGIA
_PP35
_0COMPRA
_o.STAFF. Colección Teología
_d45310
980 _81
_gALBERTO SANCHEZ Responsable de Automatización